=LDR 00000nam 2200000 4500 =001 INLIS000000000033119 =005 20130612135107 =008 ***********************************4** =035 ##$$0010-061300000033119 =041 ##$$a 4 =082 ##$$a 370.1 =090 ##$$a 370.1, Suk m =100 ##$$a Sukmadinata, Nana Syaodih =245 ##$$a Metode penelitian pendidikan/Nana Syaodih Sukmadinata =260 ##$$a 2008 $b Bandung =300 ##$$a ix,326 hlm., 24 cm =650 ##$$a Penelitian Pendidikan =850 ##$$a NBPNMAT